Quantitative approaches in business studies / (Record no. 22140)
[ view plain ]
| 000 -LEADER | |
|---|---|
| fixed length control field | 02589cam a22003855a 4500 |
| 001 - CONTROL NUMBER | |
| control field | 15226672 |
| 005 - DATE AND TIME OF LATEST TRANSACTION | |
| control field | 20201128023802.0 |
| 008 - FIXED-LENGTH DATA ELEMENTS--GENERAL INFORMATION | |
| fixed length control field | 080320s2012 enka frb 001 0 eng d |
| 010 ## - LIBRARY OF CONGRESS CONTROL NUMBER | |
| LC control number | 2008012392 |
| 015 ## - NATIONAL BIBLIOGRAPHY NUMBER | |
| National bibliography number | GBA854064 |
| Source | bnb |
| 016 7# - NATIONAL BIBLIOGRAPHIC AGENCY CONTROL NUMBER | |
| Record control number | 014583637 |
| Source | Uk |
| 020 ## - INTERNATIONAL STANDARD BOOK NUMBER | |
| International Standard Book Number | 0273738631 |
| 020 ## - INTERNATIONAL STANDARD BOOK NUMBER | |
| International Standard Book Number | 9780273738633 |
| 035 ## - SYSTEM CONTROL NUMBER | |
| System control number | (OCoLC)213601417 |
| 035 ## - SYSTEM CONTROL NUMBER | |
| System control number | (OCoLC)ocn213601417 |
| 040 ## - CATALOGING SOURCE | |
| Original cataloging agency | DLC |
| Language of cataloging | eng |
| Transcribing agency | DLC |
| Modifying agency | EG-ScBUE |
| 082 04 - DEWEY DECIMAL CLASSIFICATION NUMBER | |
| Edition number | 22 |
| Classification number | 658.4033 |
| Item number | MOR |
| 100 1# - MAIN ENTRY--PERSONAL NAME | |
| Personal name | Morris, Clare. |
| 9 (RLIN) | 17640 |
| 245 10 - TITLE STATEMENT | |
| Title | Quantitative approaches in business studies / |
| Statement of responsibility, etc | Clare Morris. |
| 250 ## - EDITION STATEMENT | |
| Edition statement | 8th ed. |
| 260 ## - PUBLICATION, DISTRIBUTION, ETC. (IMPRINT) | |
| Place of publication, distribution, etc | Harlow, England ; |
| -- | New York : |
| Name of publisher, distributor, etc | Financial Times, Prentice Hall / Pearson Education Limited, |
| Date of publication, distribution, etc | c.2012. |
| 300 ## - PHYSICAL DESCRIPTION | |
| Extent | xxi, 520 p. |
| Other physical details | ill. ; |
| Dimensions | 27 cm. |
| 500 ## - GENERAL NOTE | |
| General note | Index : p. 514-520. |
| 504 ## - BIBLIOGRAPHY, ETC. NOTE | |
| Bibliography, etc | Includes bibliographical references. |
| 505 ## - FORMATTED CONTENTS NOTE | |
| Formatted contents note | Introduction: Why quantitative methods? Part 1 NUMBERS -- how we handle them; 1 Tools of the trade: basic numeracy skills -- Part 2 NUMBERS -- a means of communication; 2 Obtaining the figures: data and data collection -- 3 Presenting the figures: tables and diagrams 4 Summarising the figures: measures of location and spread -- 5 Measuring changes: index numbers -- Part 3 NUMBERS -- a basis for deduction; 6 A firm foundation: elementary probability -- 7 Patterns of probability: some distributions -- 8 Estimating from samples: inference -- 9 Checking a theory: hypothesis testing -- 10 Making it better: statistics and quality improvement -- 11 Looking for connections: correlation -- 12 Spotting the relationship: line fitting -- 13 Multiple regression -- Part 4 NUMBERS -- a tool of planning -- 14 Planning an inventory policy: stock control and simulation -- 15 Forecasting: time-series, semi-log graphs and exponential smoothing -- 16 Allowing for interest: financial mathematics -- 17 Planning production levels: linear programming -- 18 Planning a project: network analysis -- 19 Quantitative methods in the student research project. |
| 520 ## - SUMMARY, ETC. | |
| Summary, etc | A user friendly introduction to use and interpretation of quantitative methods for Business students. |
| 650 #7 - SUBJECT ADDED ENTRY--TOPICAL TERM | |
| Topical term or geographic name as entry element | Management |
| General subdivision | Statistical methods. |
| Source of heading or term | BUEsh |
| 9 (RLIN) | 436 |
| 650 #7 - SUBJECT ADDED ENTRY--TOPICAL TERM | |
| Topical term or geographic name as entry element | Decision making |
| General subdivision | Mathematical models. |
| Source of heading or term | BUEsh |
| 9 (RLIN) | 17642 |
| 650 #7 - SUBJECT ADDED ENTRY--TOPICAL TERM | |
| Topical term or geographic name as entry element | Statistical decision. |
| Source of heading or term | BUEsh |
| 9 (RLIN) | 17643 |
| 651 ## - SUBJECT ADDED ENTRY--GEOGRAPHIC NAME | |
| Source of heading or term | BUEsh |
| 653 ## - INDEX TERM--UNCONTROLLED | |
| Resource For college | BAEPS, Business Administration |
| Arrived date list | August 2016 |
| 856 41 - ELECTRONIC LOCATION AND ACCESS | |
| Materials specified | Table of contents only |
| Uniform Resource Identifier | <a href="http://www.loc.gov/catdir/toc/ecip0813/2008012392.html">http://www.loc.gov/catdir/toc/ecip0813/2008012392.html</a> |
| 856 41 - ELECTRONIC LOCATION AND ACCESS | |
| Uniform Resource Identifier | <a href="www.pearsonmylab.com">www.pearsonmylab.com</a> |
| Link text | Student access code inside |
| Public note | MyMathLab Global |
| 942 ## - ADDED ENTRY ELEMENTS (KOHA) | |
| Source of classification or shelving scheme | Dewey Decimal Classification |
| Edition | 22 |
| Call number prefix | 658.4033 MOR |
| Withdrawn status | Item status | Source of classification or shelving scheme | Damaged status | Not for loan | Vendor | Home library | Current library | Shelving location | Date acquired | Source of acquisition | Cost, normal purchase price | Serial Enumeration / chronology | Total Checkouts | Full call number | Barcode | Date last seen | Date last borrowed | Cost, replacement price | Koha item type | Total Renewals |
|---|---|---|---|---|---|---|---|---|---|---|---|---|---|---|---|---|---|---|---|---|
| Dewey Decimal Classification | Baccah | Central Library | Central Library | First floor | 09/08/2016 | Purchase | 480.00 | 25846 | 1 | 658.4033 MOR | 000033107 | 15/07/2025 | 20/02/2019 | 600.00 | Book - Borrowing | |||||
| Dewey Decimal Classification | Baccah | Central Library | Central Library | First floor | 09/08/2016 | Purchase | 480.00 | 25846 | 2 | 658.4033 MOR | 000033108 | 15/07/2025 | 15/02/2018 | 600.00 | Book - Borrowing | 7 |